000 00849cam a22002291 4500
001 sa 64007513
003 DLC
005 20260227112047.0
008 860317s1963 io a s 000 0 ind
010 _asa 64007513
035 _a(OCoLC)13302928
040 _aDLC
_cCU
_dDLC
042 _apremarc
043 _aa-io---
050 0 0 _aHE3328
_b.A53
110 1 _aIndonesia.
_bBiro Pusat Statistik.
245 1 0 _aStatistik tahunan dari pandjang djalan kereta api dan inpentaris bakal pelanting,
_bpembelian baru bakal pelanting, belandja modal dan lalu lintas barang dan penumpang.
260 _aDjakarta,
_bBiro Pusat Statistik Seksi Statistik Penangkutan, Sekretariat Negara,
_c[1963]
300 _axviii, 39 p.
_billus.
_c30 cm.
440 0 _aSeri Statistik pengangkutan kereta api ;
_vno. 1, 1963
650 0 _aRailroads
_zIndonesia
_vStatistics.
999 _c60305
_d60305